• 首页
  • 本馆介绍
  • 公告通知
  • 最新文献
  • 馆藏检索
  • 电子资源
  • 读者导购
  • 参考咨询
  • 我的图书馆
  • 登录
  • 详细信息显示
  • 放入我的书架
  • 预约/预借图书
  • 作者相关作品
  • 分类相关作品
  • 丛书相关作品
  • 出版社相关作品

书目信息

  • 表格格式
  • 工作单格式
  • 卡片格式
题名:
无人机入门宝典
    
 
作者: 赵云超 , 郑宇 著
分册:  
出版信息: 济南   山东人民出版社  2020.10
页数: 204页
开本: 24cm
丛书名:
单 册:
中图分类: V279
科图分类:
主题词: 无人驾驶飞机--基本知识
电子资源:
ISBN: 978-7-209-12882-7
000 00925nam0 2200265 45
001 012001000175
005 20140910162001.0
010    @a978-7-209-12882-7@dCNY58.00
100    @a20201120d2020 em y0chiy50 ea
101 0  @achi
102    @aCN@b370000
105    @aa z 000yy
106    @ar
200 1  @a无人机入门宝典@Awu ren ji ru men bao dian@b专著@dUAV cookbook@e修订本@f赵云超,郑宇著@zeng
210    @a济南@c山东人民出版社@d2020.10
215    @a204页@c彩图,彩照@d24cm
300    @a并列题名:UAV cookbook
330    @a本书包括:走近无人机、无人机系统概述、无人机分系统详解、无人机的飞行、多旋翼无人机的DIY共五章。具体介绍了多旋翼无人机系统概述、固定翼无人机系统概述等内容。
510 1  @aUAV cookbook@zeng
606 0  @a无人驾驶飞机@x基本知识
690    @aV279@v5
701  0 @a赵云超@Azhao yun chao@4著
701  0 @a郑宇@Azheng yu@4著
801  0 @aCN@bBJSDL@c20211011
905    @b1330671-3@dV279@e64@f3
    
    无人机入门宝典=UAV cookbook:修订本/赵云超,郑宇著.-济南:山东人民出版社,2020.10
    204页:彩图,彩照;24cm
    并列题名:UAV cookbook
    
    ISBN 978-7-209-12882-7:CNY58.00
    本书包括:走近无人机、无人机系统概述、无人机分系统详解、无人机的飞行、多旋翼无人机的DIY共五章。具体介绍了多旋翼无人机系统概述、固定翼无人机系统概述等内容。
●
相关链接 在E读中查询图书 在五车中查询图书 在当当中查询图书 在豆瓣中查询图书


正题名:无人机入门宝典     索取号:V279/64         预约/预借

序号 登录号 条形码 馆藏地/架位号 状态 备注
1 1330671   213306714   第二样本阅览室/ [索取号:V279/64] 在馆    
2 1330672   213306723   第三借阅区/ [索取号:V279/64] 在馆    
3 1330673   213306732   第三借阅区/ [索取号:V279/64] 在馆    
唐山师范学院图书馆 欢迎您!
大连网信软件有限公司© 版权所有